All Scottish League Cup winners - Statistics

General Stats
  • This quiz has been taken 5 times
  • The average score is 11 of 16
Answer Stats
Answer % Correct
Aberdeen
100%
Celtic
100%
Dundee
100%
Rangers
100%
Dundee United
80%
Heart of Midlothian
80%
Hibernian
80%
Kilmarnock
60%
Motherwell
60%
Partick Thistle
60%
St Johnstone
60%
St Mirren
60%
East Fife
40%
Livingston
40%
Raith Rovers
40%
Ross County
40%
No matching quizzes found
Score Distribution
Percent of People with Each Score
Percentile by Number Answered
Your Score History
You have not taken this quiz